Частният живот на Жаклин Кенеди Онасис (Запис номер 3817)
[ съкратено ]
| 000 -Лидер | |
|---|---|
| Контролно поле с фиксирана дължина | 01945nam a2200421 c 4500 |
| 003 - Код на организацията, давaща контролен номер | |
| Контролно поле | BLK |
| 005 - Дата и час на последна редакция | |
| Контролно поле | 20241216105237.0 |
| 008 - Елементи от данни с фиксирана дължина | |
| fixed length control field | 180412b bul|||||r ||||||| ||bul|| |
| 010 ## - Наследен системен номер | |
| LC control number | KNG00004934000 |
| 020 ## - Международен стандартен номер на книга ISBN | |
| Международен стандартен номер на книга ISBN | 954-8023-35-0 |
| -- | издат.: Слънце |
| 040 ## - Източник на каталожния запис | |
| Идентификатор на билиотеката - собственик на записа | BLK |
| 041 ## - Код за език | |
| Код за езика на текст/звукозапис или на отделно заглавие | Български |
| Код за езика КДБФ | Български |
| 080 ## - УДК | |
| Текстов определител УДК | Политика. Вж и 341 ; 342 |
| УДК код - определител по УДК | 32 |
| УДК определител | (73)(092) |
| УДК - код + определител | 32(73)(092) |
| 080 ## - УДК | |
| Текстов определител УДК | Женско движение. Женски въпрос. Обществено положение на жената. Равноправие на жената |
| УДК код - определител по УДК | 396 |
| УДК определител | (73)(092) |
| УДК - код + определител | 396(73)(092) |
| 080 ## - УДК | |
| Текстов определител УДК | |
| УДК код - определител по УДК | 929 Кенеди Онасис, Жаклин |
| УДК определител | |
| УДК - код + определител | 929 Кенеди Онасис, Жаклин |
| 100 1# - Редна дума - Автор | |
| Автор | Дейвид, Лестър |
| Авторска отговорност | първи автор |
| R(LIN) | 247855 |
| 139 ## - Редно поле | |
| Редна дума | Дейвид, Лестър |
| Авторски знак | Кел - К 50 |
| 245 10 - Сведения за заглавието | |
| Заглавие | Частният живот на Жаклин Кенеди Онасис |
| Редно поле (дума) | Лестър Дейвид; прев. от англ. Александра Божимирова Божкова. |
| 257 ## - Страна на издаване | |
| Страна на създаване/издаване | Съединени американски щати |
| 260 ## - Област на издателските данни | |
| -- | София |
| Име на издателя, разпространителя и проч. | Слънце |
| Година на издаване | 1994 |
| Печатница | Хасково : Полиграфюг |
| 300 ## - Физическа характеристика | |
| Страници | 318 с., 2 л. |
| Илюстрации и др. | ил. |
| Размери/Мащаб | 20 см |
| 380 ## - Жанр | |
| Жанр | Обществени науки |
| 490 1# - СЕРИИ (Колекции) | |
| Име на серия | Библиотека Прочути жени |
| 500 ## - Общи забележки | |
| Забележка | Ориг. загл. Jacqueline Kennedy Onassis / Lester David. - 12 000 тир. |
| 600 14 - Име на лице, използвано като предмет | |
| За него / За нея | Кенеди-Онасис, Жаклин |
| 9 (RLIN) | 247856 |
| 650 #4 - Допълнително описание по предмет – тема | |
| Основно описание – тема или топоним | Жени - САЩ |
| 9 (RLIN) | 247857 |
| 650 #4 - Допълнително описание по предмет – тема | |
| Основно описание – тема или топоним | Кенеди-Онасис, Жаклин |
| 9 (RLIN) | 247856 |
| 651 #4 - Допълнително описание по предмет - топоним | |
| Географско понятие | САЩ |
| 9 (RLIN) | 179493 |
| 653 ## - Ключова дума – ненормативна | |
| Ключова дума | Джаки Кенеди |
| 653 ## - Ключова дума – ненормативна | |
| Ключова дума | жени |
| 700 1# - Други автори (авторска отговорност) | |
| Лично име | Божкова, Александра Божимирова |
| Автороска отговорност (Описва отношението между автора и произведението) | прев. от англ. |
| 9 (RLIN) | 247561 |
| 852 ## - Местоположение | |
| Форматна сигнатура | Цб 178356 |
| 856 4# - Електронен адрес и достъп | |
| Електронен формат | pdf - файл |
| Път до файла /url/ | |
| 856 4# - Електронен адрес и достъп | |
| Електронен формат | pdf - файл |
| Път до файла /url/ | |
| 942 ## - АРТИКУЛИ | |
| Вид на библиотечния материал | Книги |
| Скрит в OPAC | Не |
| Koha issues (borrowed), all copies | 12 |
| 944 ## - СЪЗДАВАНЕ И РЕДАКЦИЯ на ЗАПИСА | |
| Създаване/Редакция | Създаване |
| Дата на регистрацията/редакция | 15.01.2003 |
| Статус, дата на статуса | Мартин Енчев |
| Служител, извършил регистрацията/редакцията | 30575 |
| 944 ## - СЪЗДАВАНЕ И РЕДАКЦИЯ на ЗАПИСА | |
| Създаване/Редакция | Редакция |
| Дата на регистрацията/редакция | 26.02.2016 |
| Статус, дата на статуса | ф / |
| Служител, извършил регистрацията/редакцията | Виолета_Тройчева |
| 999 ## - СИСТЕМНИ КОНТРОЛНИ НОМЕРА | |
| Koha biblionumber | 3817 |
| Koha biblioitemnumber | 3817 |
| Код за отписване | Код за изгубен артикул | Код за повреда | Коз за рестрикции | Код за отдаване | Артикулен № | Име на библиотеката - собственик | Име на библиотеката, в която се намира в момента | Статус (Текущо местоположение) | Дата на вписване в системата | Местоположение - отдел | Цена в лева | Инвентарен номер | Систематично азбучна сигнатура | Баркод | Номер на екземпляра | Цена в евро | Служебна бележка | Служебен тип на артикула | Източник на класификационната схема |
|---|---|---|---|---|---|---|---|---|---|---|---|---|---|---|---|---|---|---|---|
| Не е изгубен | Не е повреден | без рестрикции | ползва се в читалня | 6822 | Регионална библиотека "Любен Каравелов" Русе | Регионална библиотека "Любен Каравелов" Русе | Хранилище | 2001-01-01 | Хранилище | 0.63 | 608121 | Цб 178356 | 608121 | 1 | 0.32 | Дост: Dp Вид: Д N: стар фонд Дата: 01.01.1994 Дата инв: 20.10.2015 Бележки инв: Цб2015 | Книги | ||
| Изтеглен | Не е изгубен | Не е повреден | без рестрикции | заемане за дома | 6823 | Регионална библиотека "Любен Каравелов" Русе | Регионална библиотека "Любен Каравелов" Русе | Заемна - подръчен фонд | 2001-01-01 | Заемна - подръчен фонд | 0.00 | 606385 | П 32(7/8)(092)/К 50 | 606385 | 2 | 0.00 | Дост: Pk Вид: Ф N: стар фонд Дата: 01.01.1994 | Книги | Universal Decimal Classification |
| Изтеглен | Не е изгубен | Не е повреден | без рестрикции | заемане за дома | 6824 | Регионална библиотека "Любен Каравелов" Русе | Регионална библиотека "Любен Каравелов" Русе | Заемна - подръчен фонд | 2003-07-07 | Заемна - подръчен фонд | 2.50 | 120000677303 | П 32(7/8)(092)/К 50 | 120000677303 | 3 | 1.28 | Дост: Pk Вид: Ф N: 40 Дата: 03.07.2003 Дата инв: 19.01.2015 Бележки инв: П2015 | Книги | |
| Не е изгубен | Не е повреден | без рестрикции | заемане за дома | 6825 | Регионална библиотека "Любен Каравелов" Русе | Регионална библиотека "Любен Каравелов" Русе | Заемна - подръчен фонд | 2016-02-25 | Заемна - подръчен фонд | 7.00 | 120000798358 | П 32(7/8)(092)/К 50 | 120000798358 | 4 | 3.58 | Дост: DA Вид: А N: 8 Дата: 25.02.2016 Дата инв: 02.02.2018 Бележки инв: П2018 | Книги | ||
| Не е изгубен | Не е повреден | без рестрикции | заемане за дома | 692649 | Регионална библиотека "Любен Каравелов" Русе | Регионална библиотека "Любен Каравелов" Русе | Заемна - подръчен фонд | 2019-03-07 | Заемна - подръчен фонд | 7.00 | П 32(7/8)(092)/К 50 | 120000830548 | 3.58 | Книги | Universal Decimal Classification |